| 000 | 00326 a2200133 4500 | ||
|---|---|---|---|
| 999 |
_c324928 _d324928 |
||
| 001 | 89855 | ||
| 003 | NUST | ||
| 082 | _a641.302 EHT | ||
| 100 |
_aEhtisham Ul Haq Qureshi _99867 |
||
| 245 | _aGhiza say elaj ka encyclopedia | ||
| 260 |
_aJhelum _bBook Corner _c2014 |
||
| 300 | _a500p. | ||
| 500 | _aGeneral Books | ||
| 942 |
_aCAE NUST _cBK _k641.302 EHT _2ddc |
||